000 00445 a2200157 4500
003 OSt
005 20231109142650.0
008 231109b |||||||| |||| 00| 0 eng d
040 _coclc
082 _a920
_bMAN/S
100 _aMangad, Abdurahiman
_98678
245 _aShaikh Mahin Hamdani Thangal /
_cAbdurahiman Mangad
260 _aKerala:
_bGrace,
_c2021.
300 _a175p
942 _2ddc
_cBK
_h920
_iMAN/S
_k920
_mMAN/S
999 _c43002
_d43002